00769nam a2200205 a 450000100100000000500170001000800410002704000130006808200160008110000230009724500780012026000560019830000200025449000690027449000290034350400510037265000420042383000690046583000290053400001641220250924073801.0100305s1988 dr 000 0 spa d aDO-SdBNP a617.6bK19h1 aKasse Acta, Rafael10aHacia una historia social odontológica dominicana /cRafael Kasse Acta. aSanto Domingo :bEditora Universitaria UASD,c1988. a62 P. ;c21 cm.1 aPublicaciones de la Universidad Autónoma de Santo Domingov6051 aSalud y Sociedadvno. 16 aIncluye referencas bibliográficas (p. 61-62) 4aOdontologíayREPÚBLICA DOMINICANA aPublicaciones de la Universidad Autónoma de Santo Domingov605 0aSalud y Sociedadnno. 16